000 00412nam a2200157 a 4500
005 20140513081048.0
008 020906s19uu xx 00 eng d
050 _aP 307.3
_bPRO 2001
245 _aProfessional Community Helpers.
260 _aQuezon City, Philippines :
_bMabuhay Boardgames,
_c2001.
300 _aPoster
440 _aTeacher's Choice
650 _aJobs
650 _aWorks
999 _c116247
_d116247